000
00344nam a2200133Ia 4500
008
151213s9999 xx 000 0 und d
100
_a
Peter Jons
245
_a
Shakespeare : the Sonnets : a Case Book.
_c
Peter Jons
260
_a
Hampshire
_b
Macwilliam
_c
1977
300
_a
1869 p.
650
_a
English
700
_a
Peter Jons
999
_c
1374
_d
1374